Akta Hari Kelepasan Mingguan 1950 (Akta 220) & Akta Hari Kelepasan 1951 (Akta 369) Weekly Holidays Act 1950 (Act 220) & Holidays Act 1951 (Act 369) : (Hingga 5hb Januari 2004)

Bibliographic Details
Corporate Authors: Malaysia, International Law Book Services. Lembaga Penyelidikan Undang-Undang
Format: Book
Published: Petaling Jaya : International Law Book Services , 2004
Subjects:

MARC

LEADER 00000cam a2200000 7i4500
001 0000018558
005 20070103.0
020 |a 9678901536 
040 |a INS 
090 0 0 |a KPG1379.A25   |b M4 2004 
110 1 |a Malaysia 
240 0 0 |a [Akta Hari Kelepasan Mingguan 1950 (Akta 220)] 
245 1 0 |a Akta Hari Kelepasan Mingguan 1950 (Akta 220) & Akta Hari Kelepasan 1951 (Akta 369) Weekly Holidays Act 1950 (Act 220) & Holidays Act 1951 (Act 369) :   |b (Hingga 5hb Januari 2004)   |c Disusun oleh Lembaga Penyelidikan Undang-Undang 
260 |a Petaling Jaya :   |b International Law Book Services ,   |c 2004 
300 |a 43 p. ;   |c 24 cm. 
650 0 0 |a Weekly rest day   |x Law and legislation   |z Malaysia 
710 1 |a International Law Book Services. Lembaga Penyelidikan Undang-Undang 
740 0 |a Undang-Undang Malaysia 
999 |a 0000017732   |b BOOK   |c Acts   |e Default branch